000 00465nam a2200169 4500
001 127439
003 ES-MaACL
005 20230906193021.0
007 t|
008 070214s1972 sp r ||||1| cat d
100 1 _aRiera Llorca, Vicenç.
_997126
245 1 0 _aAmb permis de l'enterramorts /
_cVicenç Riera Llorca.
250 _a1ª. ed.
260 _aBarcelona :
_bEdicions 62,
_c1970.
300 _a200 p. ;
_c20 cm.
852 _aES-MaACL
_jC-49069
_bR.75332
999 _c127439
_d127439